Physiology and Biochemistry of seeds in Relation to germination in Two volumes V.I (Record no. 365182)

MARC details
000 -LEADER
fixed length control field 004620000a22001690004500
005 - DATE AND TIME OF LATEST TRANSACTION
control field 20250903143640.0
020 ## - INTERNATIONAL STANDARD BOOK NUMBER
International Standard Book Number 038708274 3
082 ## - DEWEY DECIMAL CLASSIFICATION NUMBER
Classification number 582.0166 PHY.01
100 ## - MAIN ENTRY--PERSONAL NAME
Personal name Bewley, J.D
100 ## - MAIN ENTRY--PERSONAL NAME
Personal name Black, M
245 ## - TITLE STATEMENT
Title Physiology and Biochemistry of seeds in Relation to germination in Two volumes V.I
260 ## - PUBLICATION, DISTRIBUTION, ETC. (IMPRINT)
Place of publication, distribution, etc. Berlin, Springer-Verlag
260 ## - PUBLICATION, DISTRIBUTION, ETC. (IMPRINT)
Date of publication, distribution, etc. 1978
300 ## - PHYSICAL DESCRIPTION
Extent 306
650 ## - SUBJECT ADDED ENTRY--TOPICAL TERM
Topical term or geographic name as entry element Seed-Physiology/ Biochemistry seeds/germination
942 ## - ADDED ENTRY ELEMENTS (KOHA)
Koha item type Books (General)
Holdings
Withdrawn status Lost status Damaged status Not for loan Collection code Home library Current library Shelving location Date acquired Total Checkouts Full call number Barcode Date last seen Price effective from Koha item type
        Reference Book College of Agriculture, Vellayani College of Agriculture, Vellayani Reference 02/05/2014   582.0166 PHY.01 KAU_COAV-18053 02/05/2014 02/05/2014 Reference Book
Kerala Agricultural University Central Library
Thrissur-(Dt.), Kerala Pin:- 680656, India
Ph : (+91)(487) 2372219
E-mail: librarian@kau.in
Website: http://library.kau.in/